Gentilicios de Centroamérica - Estadísticas

Estadísticas generales
  • Esta prueba ha sido intentada 27 veces
  • La puntuación promedio es 6 de 7
Estadísticas de respuestas
Hint Respuesta % Correcto
Panama Panameño
100%
Honduras Hondureño
96%
El Salvador Salvadoreño
96%
Costa Rica Costarricense
93%
Nicaragua Nicaragüense
93%
Guatemala Guatemalteco
89%
Belice Beliceño
70%
No se encontraron pruebas coincidentes
Distribución de puntuación
Porcentaje de gente con cada puntuación
Porcentaje por número respondido
Historial de tus puntuaciones
No has intentado esta prueba.